[Event "Krakow Olimpic op"]
[Site "Krakow"]
[Date "2019.10.06"]
[Round "5"]
[White "Dziewonski, Dariusz"]
[Black "Nowak, Lukasz"]
[Result "1-0"]
[WhiteElo "1736"]
[BlackElo "1711"]
[PlyCount "61"]
[EventDate "2019.10.04"]
[EventType "swiss"]
[EventRounds "5"]
[EventCountry "POL"]
[SourceTitle "EXT 2020"]
[Source "ChessBase"]
[SourceDate "2019.10.17"]
[SourceVersion "1"]
[SourceVersionDate "2019.10.17"]
[SourceQuality "1"]

1. e4 e5 2. Nf3 Nc6 3. Bc4 Nf6 4. d3 Bc5 5. 0-0 0-0 6. a4 a6 7. Bg5 Be7 8. c3 d5 9. Bxf6 dxc4 10. Bxe7 Qxe7 11. dxc4 Bg4 12. Nbd2 Rad8 13. Qe2 Rd7 14. Rfd1 Rfd8 15. Nf1 Qf6 16. Ne3 Bxf3 17. Qxf3 Qxf3 18. gxf3 Rxd1+ 19. Rxd1 Rxd1+ 20. Nxd1 Nd8 21. b4 Ne6 22. Ne3 Nf4 23. Kf1 c6 24. c5 f6 25. Ke1 Kf8 26. Kd2 g6 27. Nc4 Ne6 28. Na5 Nd8 29. c4 Ke7 30. b5 Kd7 31. Nxb7 1-0

[Event "Krakow Olimpic op"]
[Site "Krakow"]
[Date "2019.10.04"]
[Round "1"]
[White "Nowak, Lukasz"]
[Black "Palacki, Rafal"]
[Result "1/2-1/2"]
[WhiteElo "1711"]
[BlackElo "1745"]
[PlyCount "98"]
[EventDate "2019.10.04"]
[EventType "swiss"]
[EventRounds "5"]
[EventCountry "POL"]
[SourceTitle "EXT 2020"]
[Source "ChessBase"]
[SourceDate "2019.10.17"]
[SourceVersion "1"]
[SourceVersionDate "2019.10.17"]
[SourceQuality "1"]

1. e4 c6 2. Nc3 d5 3. Nf3 Bg4 4. h3 Bxf3 5. Qxf3 e6 6. Be2 Nd7 7. d4 dxe4 8. Nxe4 Ngf6 9. Bg5 Qa5+ 10. Bd2 Qb6 11. c4 Qxd4 12. Nxf6+ Qxf6 13. Bc3 Qxf3 14. Bxf3 Nf6 15. 0-0-0 Bc5 16. Rd2 Ke7 17. b4 Bd6 18. Kc2 Rad8 19. Rhd1 Bf4 20. Rxd8 Rxd8 21. Rxd8 Kxd8 22. Bxf6+ gxf6 23. Kd3 Ke7 24. a4 Be5 25. a5 a6 26. Bd1 Bc7 27. Bf3 f5 28. Kd4 Kd6 29. Bh5 e5+ 30. Kc3 f6 31. Bf7 h6 32. Bg6 Ke6 33. f3 c5 34. g4 fxg4 35. hxg4 Kd6 36. Be4 b6 37. axb6 Bxb6 38. Bb7 cxb4+ 39. Kxb4 a5+ 40. Kb5 Bd8 41. Be4 Ke7 42. Bc2 Ke6 43. Kc6 a4 44. Bxa4 f5 45. Bc2 fxg4 46. fxg4 Kf6 47. Kd5 Bc7 48. Ke4 Kg5 49. Bd1 Kf6 1/2-1/2

[Event "Wch U20 56th"]
[Site "Tarvisio"]
[Date "2017.11.13"]
[Round "1"]
[White "Nowak, Lukasz"]
[Black "Sarana, Alexey"]
[Result "0-1"]
[WhiteElo "2310"]
[BlackElo "2543"]
[PlyCount "94"]
[EventDate "2017.11.13"]
[EventType "swiss"]
[EventRounds "11"]
[EventCountry "ITA"]
[SourceTitle "CBM 181 Extra"]
[Source "ChessBase"]
[SourceDate "2017.12.12"]
[SourceVersion "1"]
[SourceVersionDate "2017.12.12"]
[SourceQuality "1"]

1. e4 c5 2. Nf3 d6 3. d4 cxd4 4. Nxd4 Nf6 5. Nc3 a6 6. h3 e5 7. Nde2 b5 8. Ng3 Qc7 9. Bd3 g6 10. 0-0 Bg7 11. f4 exf4 12. Bxf4 0-0 13. Kh1 b4 14. Nce2 Nc6 15. Qd2 a5 16. Bh6 Ne8 17. Bxg7 Nxg7 18. Qh6 Ne5 19. Nf4 Bb7 20. Rf2 f6 21. Nfe2 Ne6 22. Raf1 Qe7 23. Qe3 Kg7 24. Nd4 Nxd4 25. Qxd4 Qc7 26. Qe3 Rae8 27. Rf4 Qc5 28. Qd2 Qd4 29. b3 Rf7 30. Ne2 Qc5 31. Qe1 d5 32. exd5 Nxd3 33. cxd3 Qxd5 34. Qf2 Qxg2+ 35. Qxg2 Rxe2 36. Qxb7 Rxb7 37. Rxf6 Rxa2 38. Ra6 Rd2 39. Rxa5 Rxd3 40. Kg2 Rxb3 41. Rfa1 Rc3 42. Ra7 Rcc7 43. Rxb7 Rxb7 44. Rb1 b3 45. Rb2 Kf6 46. Kf3 Ke5 47. Ke3 g5 0-1

[Event "Warsaw YMCA Winter 151st"]
[Site "Warsaw"]
[Date "2015.02.20"]
[Round "7"]
[White "Goslawski, Michal"]
[Black "Nowak, Lukasz"]
[Result "0-1"]
[WhiteElo "2151"]
[BlackElo "2106"]
[PlyCount "86"]
[EventDate "2015.01.09"]
[EventType "tourn"]
[EventRounds "9"]
[EventCountry "POL"]
[SourceTitle "EXT 2016"]
[Source "ChessBase"]
[SourceDate "2015.10.08"]
[SourceVersion "1"]
[SourceVersionDate "2015.10.08"]
[SourceQuality "1"]

1. Nf3 Nf6 2. c4 e6 3. g3 d5 4. d4 Be7 5. Bg2 0-0 6. 0-0 dxc4 7. Nc3 Nc6 8. e3 Rb8 9. Qa4 Nb4 10. Qxa7 Bd7 11. Ne5 Nfd5 12. Qxb8 Qxb8 13. Nxd7 Qa7 14. Nxf8 Bxf8 15. Bd2 c6 16. Rfd1 Nd3 17. Nxd5 cxd5 18. Bc3 b5 19. a3 f5 20. Bf1 Qa6 21. Bxd3 cxd3 22. Rac1 Kf7 23. h3 Bd6 24. h4 g6 25. Rd2 h6 26. Rcd1 g5 27. hxg5 hxg5 28. Rxd3 Kg6 29. Kg2 Qc8 30. Rc1 Qc4 31. Rd2 Kf6 32. Rh1 Bxa3 33. bxa3 Qxc3 34. Rdd1 Qc2 35. Rhe1 f4 36. exf4 gxf4 37. Rc1 Qd2 38. Rcd1 Qc2 39. gxf4 Qf5 40. Kg3 Qg6+ 41. Kf3 Qf5 42. Re3 Qh5+ 43. Kg3 Qxd1 0-1

[Event "Warsaw YMCA Winter 151st"]
[Site "Warsaw"]
[Date "2015.01.23"]
[Round "3"]
[White "Rozycki, Bartlomiej"]
[Black "Nowak, Lukasz"]
[Result "1-0"]
[WhiteElo "2037"]
[BlackElo "2106"]
[PlyCount "57"]
[EventDate "2015.01.09"]
[EventType "tourn"]
[EventRounds "9"]
[EventCountry "POL"]
[SourceTitle "EXT 2016"]
[Source "ChessBase"]
[SourceDate "2015.10.08"]
[SourceVersion "1"]
[SourceVersionDate "2015.10.08"]
[SourceQuality "1"]

1. d4 Nf6 2. c4 e6 3. Nc3 Bb4 4. Qc2 d5 5. e3 0-0 6. Nf3 c5 7. a3 Bxc3+ 8. bxc3 Nc6 9. Bd3 Qc7 10. 0-0 b6 11. cxd5 exd5 12. dxc5 bxc5 13. c4 d4 14. exd4 Bg4 15. d5 Bxf3 16. dxc6 Ng4 17. g3 Qxc6 18. Bxh7+ Kh8 19. Bf5 Rfe8 20. Bb2 Nxh2 21. Kxh2 Qh6+ 22. Bh3 Bg4 23. Rh1 Bxh3 24. Qc3 Kg8 25. Kg1 f6 26. g4 Re2 27. Rxh3 Qf4 28. Rf1 Rae8 29. Bc1 1-0

[Event "Warsaw YMCA Spring-A 138th"]
[Site "Warsaw"]
[Date "2014.05.16"]
[Round "6"]
[White "Nowak, Lukasz"]
[Black "Choroszej, Aleksander"]
[Result "1-0"]
[WhiteElo "2083"]
[BlackElo "2113"]
[PlyCount "45"]
[EventDate "2014.04.08"]
[EventType "tourn"]
[EventRounds "11"]
[EventCountry "POL"]
[SourceTitle "EXT 2015"]
[Source "ChessBase"]
[SourceDate "2014.11.20"]
[SourceVersion "1"]
[SourceVersionDate "2014.11.20"]
[SourceQuality "1"]

1. e4 g6 2. d4 Bg7 3. Nc3 d6 4. f4 Nf6 5. Nf3 0-0 6. Bd3 Nc6 7. e5 dxe5 8. fxe5 Nh5 9. Be3 Bg4 10. Be2 f6 11. exf6 exf6 12. 0-0 f5 13. Qd2 f4 14. Bf2 Qd7 15. Rfe1 Rad8 16. h3 Bxf3 17. Bxf3 Ng3 18. Nd5 Nxd4 19. Bxd4 c6 20. Re7 Nf5 21. Rxd7 Bxd4+ 22. Qxd4 Nxd4 23. Nf6+ 1-0

[Event "Warsaw YMCA Spring-A 138th"]
[Site "Warsaw"]
[Date "2014.05.09"]
[Round "5"]
[White "Zaczek, Jonathon"]
[Black "Nowak, Lukasz"]
[Result "0-1"]
[WhiteElo "2073"]
[BlackElo "2083"]
[PlyCount "58"]
[EventDate "2014.04.08"]
[EventType "tourn"]
[EventRounds "11"]
[EventCountry "POL"]
[SourceTitle "EXT 2015"]
[Source "ChessBase"]
[SourceDate "2014.11.20"]
[SourceVersion "1"]
[SourceVersionDate "2014.11.20"]
[SourceQuality "1"]

1. e4 c5 2. Nf3 d6 3. d4 cxd4 4. Nxd4 Nf6 5. Nc3 a6 6. Bc4 e6 7. Bb3 Nbd7 8. f4 Nc5 9. f5 Be7 10. Qf3 0-0 11. Be3 e5 12. Nde2 Nxb3 13. axb3 b5 14. 0-0-0 Bb7 15. Ng3 b4 16. Nd5 Bxd5 17. exd5 a5 18. Bg5 a4 19. Bxf6 Bxf6 20. Ne4 Bg5+ 21. Kb1 axb3 22. cxb3 Qa5 23. Nxd6 Rfc8 24. Nxc8 Qa2+ 25. Kc2 Rxc8+ 26. Kd3 e4+ 27. Qxe4 Qxb2 28. Qxb4 Qc2+ 29. Kd4 Qf2+ 0-1

[Event "Warsaw YMCA Spring-A 138th"]
[Site "Warsaw"]
[Date "2014.04.17"]
[Round "2"]
[White "Sujkowski, Pawel"]
[Black "Nowak, Lukasz"]
[Result "0-1"]
[WhiteElo "1951"]
[BlackElo "2083"]
[PlyCount "72"]
[EventDate "2014.04.08"]
[EventType "tourn"]
[EventRounds "11"]
[EventCountry "POL"]
[SourceTitle "EXT 2015"]
[Source "ChessBase"]
[SourceDate "2014.11.20"]
[SourceVersion "1"]
[SourceVersionDate "2014.11.20"]
[SourceQuality "1"]

1. e4 c5 2. Nf3 d6 3. d4 cxd4 4. Nxd4 Nf6 5. Nc3 a6 6. Be3 e5 7. Nf3 Be7 8. Bc4 0-0 9. 0-0 Be6 10. Bxe6 fxe6 11. Na4 Ng4 12. Qd3 Nxe3 13. Qxe3 b5 14. Nb6 Ra7 15. Nd5 Rb7 16. Qd3 Nd7 17. Rad1 Nc5 18. Nxe7+ Rxe7 19. Qxd6 Rd7 20. Qxc5 Rxd1 21. Qxe5 Qd7 22. h3 Rd8 23. Rxd1 Qxd1+ 24. Kh2 Qd6 25. Qxd6 Rxd6 26. c3 Rd1 27. Kg3 Rb1 28. b3 Rb2 29. a4 Rxb3 30. axb5 Rxb5 31. Nd4 Rc5 32. Nxe6 Rxc3+ 33. Kf4 a5 34. Nd4 a4 35. e5 a3 36. Nb5 Rc4+ 0-1

[Event "Warsaw YMCA Spring-A 138th"]
[Site "Warsaw"]
[Date "2014.04.11"]
[Round "1"]
[White "Nowak, Lukasz"]
[Black "Ponikowski, Przemyslaw"]
[Result "1-0"]
[WhiteElo "2083"]
[BlackElo "1968"]
[PlyCount "93"]
[EventDate "2014.04.08"]
[EventType "tourn"]
[EventRounds "11"]
[EventCountry "POL"]
[SourceTitle "EXT 2015"]
[Source "ChessBase"]
[SourceDate "2014.11.20"]
[SourceVersion "1"]
[SourceVersionDate "2014.11.20"]
[SourceQuality "1"]

1. e4 e5 2. Nf3 d6 3. d4 exd4 4. Nxd4 g6 5. Nc3 Bg7 6. h4 Nf6 7. h5 Nxh5 8. Be3 Nf6 9. Be2 h5 10. Qd2 Ng4 11. Bxg4 Bxg4 12. f3 Bd7 13. 0-0-0 Nc6 14. Nxc6 Bxc6 15. Nd5 Bxd5 16. exd5 Qd7 17. Bd4 f6 18. Rhe1+ Kf7 19. Re6 c5 20. Bc3 Rae8 21. Rde1 Qd8 22. Qe2 g5 23. Qb5 Qc8 24. Rxd6 Rxe1+ 25. Bxe1 Re8 26. Qd7+ Qxd7 27. Rxd7+ Re7 28. Rxe7+ Kxe7 29. c4 f5 30. Kc2 h4 31. f4 Bf6 32. fxg5 Bxg5 33. Kd3 Kd6 34. b3 Ke5 35. Bc3+ Kd6 36. Ke2 a6 37. Bd2 Be7 38. Kf3 Bf8 39. Bf4+ Kd7 40. Bg5 Bd6 41. Bxh4 Ke8 42. Bg3 Be7 43. Be5 Kf7 44. Bc7 Bg5 45. Bd6 b6 46. Bc7 b5 47. Bd6 1-0

[Event "Warsaw YMCA Autumn-A 131st"]
[Site "Warsaw"]
[Date "2013.11.22"]
[Round "9"]
[White "Szymczak, Rafal"]
[Black "Nowak, Lukasz"]
[Result "1/2-1/2"]
[WhiteElo "2086"]
[BlackElo "2038"]
[PlyCount "122"]
[EventDate "2013.09.20"]
[EventType "tourn"]
[EventRounds "11"]
[EventCountry "POL"]
[SourceTitle "EXT 2015"]
[Source "ChessBase"]
[SourceDate "2014.11.20"]
[SourceVersion "1"]
[SourceVersionDate "2014.11.20"]
[SourceQuality "1"]

1. f4 g6 2. g3 Bg7 3. Bg2 d5 4. d4 c6 5. c3 Nd7 6. e4 dxe4 7. Bxe4 Ngf6 8. Bg2 0-0 9. Nf3 c5 10. 0-0 cxd4 11. Nxd4 Nc5 12. Nd2 Bg4 13. N2f3 Qc8 14. Qc2 Rd8 15. Be3 Nd5 16. Bf2 Ne6 17. Nxe6 Bxe6 18. Rad1 Bh3 19. Bxh3 Qxh3 20. Qe4 Qf5 21. Rfe1 e6 22. Qxf5 gxf5 23. Bd4 Nf6 24. Kf1 Ne4 25. Ke2 Bxd4 26. Rxd4 Rxd4 27. Nxd4 Rd8 28. Rd1 Rd6 29. Nf3 Rb6 30. Rd8+ Kg7 31. b3 Nxc3+ 32. Kd2 Nxa2 33. Rd7 Rxb3 34. Ng5 Rb2+ 35. Ke3 Nc3 36. Nxe6+ Kf6 37. Nd8 b5 38. Rxf7+ Kg6 39. Rxa7 Rxh2 40. Kd4 Rd2+ 41. Kxc3 Rxd8 42. Rb7 Rd1 43. Rxb5 Rg1 44. Kd4 Rxg3 45. Rb8 Ra3 46. Rg8+ Kf7 47. Rg5 Ra4+ 48. Ke3 Re4+ 49. Kf3 Kf6 50. Rh5 Re7 51. Rh6+ Kg7 52. Rh5 Kg6 53. Rg5+ Kf6 54. Rh5 Rf7 55. Rh1 Ke6 56. Re1+ Kf6 57. Rh1 Ra7 58. Rh5 Ra3+ 59. Kf2 Ra5 60. Rxh7 Ke6 61. Kg3 Ra4 1/2-1/2

[Event "Warsaw YMCA Autumn-A 131st"]
[Site "Warsaw"]
[Date "2013.10.11"]
[Round "4"]
[White "Nowak, Lukasz"]
[Black "Malec, Sebastian"]
[Result "1/2-1/2"]
[WhiteElo "2038"]
[BlackElo "2161"]
[PlyCount "44"]
[EventDate "2013.09.20"]
[EventType "tourn"]
[EventRounds "11"]
[EventCountry "POL"]
[SourceTitle "EXT 2015"]
[Source "ChessBase"]
[SourceDate "2014.11.20"]
[SourceVersion "1"]
[SourceVersionDate "2014.11.20"]
[SourceQuality "1"]

1. e4 c5 2. Nf3 d6 3. d4 cxd4 4. Nxd4 Nf6 5. Nc3 a6 6. Be2 e5 7. Nb3 Be7 8. 0-0 Be6 9. Be3 Nbd7 10. Qd3 Nc5 11. Nxc5 dxc5 12. Rfd1 Qc7 13. Nd5 Nxd5 14. exd5 Rd8 15. Qb3 Bc8 16. f4 0-0 17. Rf1 Bd6 18. f5 e4 19. g3 Bxg3 20. hxg3 Qxg3+ 21. Kh1 Qh3+ 22. Kg1 Qg3+ 1/2-1/2

[Event "Warsaw Najdorf Memorial op-A 11th"]
[Site "Warsaw"]
[Date "2013.08.05"]
[Round "1"]
[White "Pazderski, Ziemowit"]
[Black "Nowak, Lukasz"]
[Result "1/2-1/2"]
[WhiteElo "2232"]
[BlackElo "1994"]
[PlyCount "166"]
[EventDate "2013.08.05"]
[EventType "swiss"]
[EventRounds "9"]
[EventCountry "POL"]
[SourceTitle "CBM 155 Extra"]
[Source "ChessBase"]
[SourceDate "2013.08.26"]
[SourceVersion "1"]
[SourceVersionDate "2013.08.26"]
[SourceQuality "1"]

1. c4 Nf6 2. Nc3 e6 3. Nf3 d5 4. d4 dxc4 5. Qa4+ c6 6. Qxc4 b5 7. Qb3 Bb7 8. e4 Nbd7 9. e5 Nd5 10. Ne4 a6 11. a4 b4 12. Bg5 Qb8 13. Bc4 c5 14. 0-0 cxd4 15. Rfe1 h6 16. Bh4 Nc5 17. Nxc5 Bxc5 18. Nd2 0-0 19. Ne4 Rc8 20. Qg3 Bf8 21. Bxd5 Bxd5 22. Nf6+ Kh8 23. Nxd5 exd5 24. Qg4 Rc2 25. b3 Qa7 26. Rad1 Bc5 27. e6 d3 28. Rf1 fxe6 29. Qxe6 Rf8 30. Qxd5 Bxf2+ 31. Kh1 Rcc8 32. Bxf2 Rxf2 33. Rxf2 Qxf2 34. Qxd3 Re8 35. h3 Re1+ 36. Rxe1 Qxe1+ 37. Kh2 Qe5+ 38. Qg3 Qc3 39. h4 h5 40. Qf3 Qc7+ 41. Kg1 Qc5+ 42. Qf2 Qc1+ 43. Kh2 Qc7+ 44. g3 Qe7 45. Qf3 Qe8 46. Kg2 a5 47. Kf2 Qe5 48. Qe3 Qf5+ 49. Qf3 Qe5 50. Qf7 Qd4+ 51. Ke2 Qe4+ 52. Kf2 Qd4+ 53. Kf3 Qg4+ 54. Kg2 Qe2+ 55. Qf2 Qe5 56. Qf3 Kh7 57. Qd3+ g6 58. Kf3 Kg7 59. Qd7+ Kf6 60. Qd8+ Kf7 61. Qd7+ Kf6 62. Qc6+ Kf5 63. Qc8+ Kf6 64. Qd8+ Kf7 65. Qd7+ Kf6 66. Qc6+ Kf7 67. Qc4+ Kf6 68. Qf4+ Qf5 69. Ke3 Ke6 70. Qe4+ Kf6 71. Qf4 Ke6 72. Qe4+ Kf6 73. Qd4+ Qe5+ 74. Kd3 Qxd4+ 75. Kxd4 Kf5 76. Kc4 Kg4 77. Kb5 Kxg3 78. Kxa5 Kxh4 79. Kxb4 g5 80. a5 g4 81. a6 g3 82. a7 g2 83. a8Q g1Q 1/2-1/2

[Event "SVK-ch op"]
[Site "Banska Stiavnica"]
[Date "2013.07.13"]
[Round "8"]
[White "Nowak, Lukasz"]
[Black "Marczuk, Dominik"]
[Result "1-0"]
[WhiteElo "1955"]
[BlackElo "2043"]
[PlyCount "77"]
[EventDate "2013.07.06"]
[EventType "swiss"]
[EventRounds "9"]
[EventCountry "SVK"]
[SourceTitle "CBM 155 Extra"]
[Source "ChessBase"]
[SourceDate "2013.08.26"]
[SourceVersion "1"]
[SourceVersionDate "2013.08.26"]
[SourceQuality "1"]

1. e4 c5 2. Nf3 d6 3. d4 cxd4 4. Nxd4 Nf6 5. Nc3 a6 6. Be3 e5 7. Nb3 Be7 8. h3 Be6 9. f4 exf4 10. Bxf4 Nc6 11. Qe2 Nd7 12. 0-0-0 Nde5 13. Kb1 Rc8 14. g4 h6 15. Qe3 Bg5 16. Rh2 Rc7 17. Rhd2 Bxf4 18. Qxf4 Rd7 19. Nd4 Nxd4 20. Rxd4 0-0 21. Be2 Qe7 22. Qg3 Rc8 23. h4 Ng6 24. g5 hxg5 25. hxg5 Rc5 26. Rg1 b5 27. Bd3 Bc4 28. Bxc4 Rxc4 29. Rgd1 Rxd4 30. Rxd4 Qe5 31. Qxe5 Nxe5 32. a4 Nc6 33. Rd3 b4 34. Nd5 Kh7 35. Nf4 Ne5 36. Rh3+ Kg8 37. Rb3 a5 38. c3 Nd3 39. Nxd3 1-0

[Event "SVK-ch op"]
[Site "Banska Stiavnica"]
[Date "2013.07.12"]
[Round "7"]
[White "Danada, Tomas"]
[Black "Nowak, Lukasz"]
[Result "1-0"]
[WhiteElo "2085"]
[BlackElo "1955"]
[PlyCount "93"]
[EventDate "2013.07.06"]
[EventType "swiss"]
[EventRounds "9"]
[EventCountry "SVK"]
[SourceTitle "CBM 155 Extra"]
[Source "ChessBase"]
[SourceDate "2013.08.26"]
[SourceVersion "1"]
[SourceVersionDate "2013.08.26"]
[SourceQuality "1"]

1. e4 c5 2. Na3 Nc6 3. Bb5 g6 4. f4 Bg7 5. c3 d5 6. d3 e5 7. Qe2 Nge7 8. exd5 Qxd5 9. Bc4 Qd8 10. Nf3 0-0 11. 0-0 Bg4 12. h3 Bxf3 13. Qxf3 Nf5 14. g4 Nd6 15. Bd5 Ne7 16. Bxb7 Nxb7 17. Qxb7 Qxd3 18. Qf3 Rfd8 19. fxe5 Qxf3 20. Rxf3 Rd1+ 21. Rf1 Rd3 22. Nc4 Nd5 23. Kg2 Re8 24. Re1 Re6 25. a4 f6 26. Ra3 fxe5 27. Rb3 Nb6 28. Nxb6 Rxb6 29. Rb5 Rxb5 30. axb5 Kf7 31. Be3 Bf8 32. Kf2 Ke6 33. Ra1 Rd7 34. c4 e4 35. Ke2 Ke5 36. Rf1 Bd6 37. Rd1 Ke6 38. Rd5 Rc7 39. Rxd6+ Kxd6 40. Bf4+ Kd7 41. Bxc7 Kxc7 42. Ke3 Kd6 43. Kxe4 Ke6 44. h4 h6 45. h5 g5 46. b3 Ke7 47. Kd5 1-0

[Event "SVK-ch op"]
[Site "Banska Stiavnica"]
[Date "2013.07.09"]
[Round "4"]
[White "Nowak, Lukasz"]
[Black "Nasuta, Grzegorz"]
[Result "1/2-1/2"]
[WhiteElo "1955"]
[BlackElo "2353"]
[PlyCount "81"]
[EventDate "2013.07.06"]
[EventType "swiss"]
[EventRounds "9"]
[EventCountry "SVK"]
[SourceTitle "CBM 155 Extra"]
[Source "ChessBase"]
[SourceDate "2013.08.26"]
[SourceVersion "1"]
[SourceVersionDate "2013.08.26"]
[SourceQuality "1"]

1. e4 c5 2. Nf3 d6 3. d4 cxd4 4. Nxd4 Nf6 5. Nc3 a6 6. Be3 e6 7. f3 b5 8. Qd2 Nbd7 9. g4 Nb6 10. a4 Nc4 11. Bxc4 bxc4 12. g5 Nd7 13. f4 Bb7 14. f5 Nc5 15. fxe6 fxe6 16. Qg2 g6 17. Nde2 Bg7 18. Rf1 Qe7 19. 0-0-0 0-0-0 20. Bd4 Be5 21. Ng1 Nd3+ 22. cxd3 Bxd4 23. Qd2 cxd3 24. Nf3 Bxc3 25. Qxc3+ Qc7 26. Qxc7+ Kxc7 27. Nd4 Rhe8 28. Rxd3 Bxe4 29. Rc3+ Kb6 30. b4 Rc8 31. a5+ Kb7 32. Rf7+ Kb8 33. Ne2 Bd3 34. Kd2 Bxe2 35. Rxc8+ Rxc8 36. Kxe2 Rc7 37. Rf8+ Kb7 38. Kd3 Rd7 39. Kd4 d5 40. Re8 Rd6 41. Re7+ 1/2-1/2

[Event "SVK-ch op"]
[Site "Banska Stiavnica"]
[Date "2013.07.07"]
[Round "2"]
[White "Nowak, Lukasz"]
[Black "Malinovsky, Jozef"]
[Result "1-0"]
[WhiteElo "1955"]
[BlackElo "1846"]
[PlyCount "119"]
[EventDate "2013.07.06"]
[EventType "swiss"]
[EventRounds "9"]
[EventCountry "SVK"]
[SourceTitle "CBM 155 Extra"]
[Source "ChessBase"]
[SourceDate "2013.08.26"]
[SourceVersion "1"]
[SourceVersionDate "2013.08.26"]
[SourceQuality "1"]

1. e4 c5 2. Nf3 d6 3. d4 cxd4 4. Nxd4 Nf6 5. Nc3 a6 6. Be3 Nc6 7. f3 Qc7 8. Qd2 Bd7 9. g4 Nxd4 10. Bxd4 Bc6 11. 0-0-0 Nd7 12. Kb1 e6 13. g5 b5 14. Bd3 b4 15. Ne2 e5 16. Be3 d5 17. exd5 Bxd5 18. Be4 Bxe4 19. fxe4 Be7 20. Ng3 g6 21. h4 Rd8 22. Qf2 a5 23. h5 Rf8 24. hxg6 hxg6 25. Rdf1 Qc4 26. b3 Qe6 27. Rh6 Qg4 28. Rh7 Qe6 29. Qe2 Rc8 30. Rh6 a4 31. Nf5 Qc6 32. Bc1 a3 33. Rd1 Bc5 34. Rd5 Qc7 35. Ne3 Bxe3 36. Bxe3 Nb6 37. Bxb6 Qc3 38. Qb5+ Rc6 39. Rxe5+ Kd7 40. Rd5+ Ke6 41. Re5+ Kd7 42. Qd5+ Kc8 43. Qxc6+ Qxc6 44. Rc5 Kb7 45. Rxc6 Kxc6 46. Be3 Re8 47. Rh4 Kd6 48. Kc1 Ke5 49. Bc5 Rb8 50. c4 bxc3 51. Kc2 Rd8 52. Kxc3 Rd1 53. Bxa3 Re1 54. Be7 Re3+ 55. Kc4 Re1 56. Bf6+ Ke6 57. a4 Rc1+ 58. Kb5 Rc8 59. a5 Rb8+ 60. Ka4 1-0

[Event "SVK-ch op"]
[Site "Banska Stiavnica"]
[Date "2013.07.06"]
[Round "1"]
[White "Marczuk, Anna"]
[Black "Nowak, Lukasz"]
[Result "0-1"]
[WhiteElo "1778"]
[BlackElo "1955"]
[PlyCount "88"]
[EventDate "2013.07.06"]
[EventType "swiss"]
[EventRounds "9"]
[EventCountry "SVK"]
[SourceTitle "CBM 155 Extra"]
[Source "ChessBase"]
[SourceDate "2013.08.26"]
[SourceVersion "1"]
[SourceVersionDate "2013.08.26"]
[SourceQuality "1"]

1. e4 c5 2. Nf3 d6 3. d4 cxd4 4. Nxd4 Nf6 5. Nc3 a6 6. f3 e5 7. Nb3 Be6 8. Be3 h5 9. Qd2 Nbd7 10. Be2 Be7 11. 0-0-0 Rc8 12. Kb1 b5 13. h4 Nb6 14. a3 Nc4 15. Bxc4 Rxc4 16. Bg5 Qc7 17. Bxf6 gxf6 18. Rdg1 f5 19. exf5 Bxf5 20. g4 hxg4 21. fxg4 Rxg4 22. Nd5 Qa7 23. Rxg4 Bxg4 24. Nxe7 Qxe7 25. Qg2 Bc8 26. Qg7 Qf8 27. Qg2 Qe7 28. Qg7 Rxh4 29. Qg8+ Kd7 30. Rxh4 Qxh4 31. Qxf7+ Qe7 32. Qf2 Bb7 33. Qb6 Kc8 34. Na5 Qc7 35. Qxc7+ Kxc7 36. Kc1 Bd5 37. b4 Kd7 38. Kd2 Ke6 39. Ke3 Kf5 40. Kd3 Kf4 41. Ke2 Ke4 42. Kd2 Kf3 43. Ke1 Ke3 44. Kd1 Kf2 0-1

[Event "Warsaw-ch opA 66th"]
[Site "Warsaw"]
[Date "2013.05.13"]
[Round "3"]
[White "Nowak, Lukasz"]
[Black "Goslawski, Michal"]
[Result "1-0"]
[WhiteElo "1897"]
[BlackElo "2149"]
[PlyCount "81"]
[EventDate "2013.05.11"]
[EventType "swiss"]
[EventRounds "9"]
[EventCountry "POL"]
[SourceTitle "CBM 154 Extra"]
[Source "ChessBase"]
[SourceDate "2013.06.25"]
[SourceVersion "2"]
[SourceVersionDate "2013.06.25"]
[SourceQuality "1"]

1. e4 c5 2. Nf3 d6 3. d4 cxd4 4. Nxd4 Nf6 5. Nc3 a6 6. Be2 e5 7. Nb3 Be7 8. 0-0 Be6 9. f4 Qc7 10. f5 Bc4 11. a4 Nbd7 12. Kh1 0-0 13. g4 d5 14. exd5 Nb6 15. g5 Nfxd5 16. Ne4 Rfd8 17. Qe1 Rac8 18. f6 Bb4 19. Bd2 Bxd2 20. Nbxd2 Bxe2 21. Qxe2 Qxc2 22. fxg7 Nf4 23. Nf6+ Kxg7 24. Qxe5 Kg6 25. Qxf4 Rxd2 26. Ne4 Rxh2+ 27. Qxh2 Qxe4+ 28. Kg1 Qg4+ 29. Qg2 Qxg2+ 30. Kxg2 Rc2+ 31. Rf2 Rxf2+ 32. Kxf2 Kxg5 33. a5 Nc4 34. b3 Ne5 35. Rd1 Kf5 36. Rd6 Ke4 37. Rb6 Nc6 38. b4 Nd8 39. b5 axb5 40. Rxb7 Nc6 41. Rxb5 1-0

[Event "Warsaw YMCA Winter 118th"]
[Site "Warsaw"]
[Date "2013.01.14"]
[Round "2"]
[White "Nowak, Lukasz"]
[Black "Pajak, Jakub Lech"]
[Result "1-0"]
[WhiteElo "1827"]
[BlackElo "1756"]
[PlyCount "43"]
[EventDate "2013.01.07"]
[EventType "tourn"]
[EventRounds "13"]
[EventCountry "POL"]
[SourceTitle "EXT 2014"]
[Source "ChessBase"]
[SourceDate "2013.11.20"]
[SourceVersion "1"]
[SourceVersionDate "2013.11.20"]
[SourceQuality "1"]

1. e4 c5 2. Nf3 Nc6 3. d4 cxd4 4. Nxd4 g6 5. Be2 Bg7 6. Nb3 Nf6 7. Nc3 d6 8. 0-0 Bd7 9. Re1 0-0 10. Bg5 Rc8 11. Bf1 Ne5 12. Nd5 Nxd5 13. exd5 Bf5 14. Nd4 h6 15. Bh4 Bd7 16. c3 g5 17. Bg3 Qb6 18. Qd2 Ng6 19. Bd3 f5 20. Ne6 Bxe6 21. Rxe6 Kh7 22. Qc2 1-0